000 00631nam a22002057i 4500
999 _c23014
_d23014
003 AR-CdUCM
008 240827b20152015 sp||||| |||| 00| 0 spa d
020 _a978-950-614-853-3
040 _aMUNICIPALIDAD PROVINCIAL DEL CUSCO
_cBIBLIOTECA MUNICIPAL DEL CUSCO
082 _a158 / K38D
_bK38D
100 _aKelly, Kevin
_950276
245 _aDO! :
_bEn Búsqueda De Una Realización Xcepcional /
260 _aEspaña :
_bGranica S.A.,
_c2015
300 _a158 páginas. :
_c22 cm.
650 _aLiderazgo
_93124
650 _aCoaching
_950238
650 _aMindfulness
_950274
942 _2ddc
_cLIBROS
945 _apbj
_d2024-08-27